01250nabaa22001937a 4500003000400000005001700004008004100021040000700062100002700069245021600096300001200312500003700324505042200361505008900783650002700872650002200899650001400921773012100935OSt20260130193955.0190701b xxu||||| |||| 00| 0 spa d cPJ aColombo, Juan Martín13aLa ambientalización del urbanismo y el desarrollo urbano en los pronunciamientos judiciales. Breve panorama local y actual - Por Juan Martín Colombo cbreve panorama local y actual /bJuan Martín Colombo.  ap. 3-11 aCita: TR LALEY AR/DOC/2593/2025  aSumario: I. La ambientalización del desarrollo urbano.— II. Marco normativo de la ambientalización del desarrollo urbano. El rol del derecho y la jurisprudencia.— III. La evolución jurisprudencial: reconocimiento e incorporación de exigencias ambientales para el desarrollo urbano.— IV. Los precedentes judiciales locales y la ambientalización progresiva del desarrollo urbano local.— V. Corolario.  t¿Te interesa el texto completo? Comunicate al correo: koha@justierradelfuego.gov.ar 0aDERECHO ADMINISTRATIVO 0aDERECHO AMBIENTAL 0aURBANISMO0 02842dBuenos Aires : AbeledoPerrot, 2012-oDA121tDerecho administrativo. Nº 162 noviembre/diciembre 2025z18510590